| 000 | 00542cam a22002171 4500 | ||
|---|---|---|---|
| 001 | sa 68000398 | ||
| 003 | DLC | ||
| 005 | 20260227112423.0 | ||
| 008 | 881102s1964 xx 000 0 urdo | ||
| 010 | _asa 68000398 | ||
| 035 | _a(OCoLC)23540440 | ||
| 040 |
_aDLC _cMiU _dDLC |
||
| 042 | _apremarc | ||
| 050 | 0 | 0 |
_aPK1971 _b.H35 |
| 100 | 0 |
_aʻAbdulḥaq, _d1869-1961. |
|
| 245 | 1 | 0 | _aMuqaddamāt-i ʻAbdulḥaq. |
| 260 | _c[1964] | ||
| 300 |
_a800 p. _c23 cm. |
||
| 650 | 0 | _aUrdu philology. | |
| 700 | 0 |
_aʻIbādat Barelvī, _d1920-1999. |
|
| 999 |
_c77184 _d77184 |
||